| 000 | 00517nam a2200181 a 4500 | ||
|---|---|---|---|
| 005 | 20140310183213.0 | ||
| 008 | 030421s19uu xx 00 eng d | ||
| 020 | _a0132866412 | ||
| 050 |
_aTS 155 _b.M358 1984 |
||
| 100 | _aMenipaz, Ehud | ||
| 245 |
_aEssentials of production and operations management / _cEhud Menipaz. |
||
| 260 |
_aNew Jersey : _bPrentice Hall, _c1984. |
||
| 300 |
_a697 p. : _bill. ; _c24 cm. |
||
| 521 | _aBSBA | ||
| 650 | _aProduction management. | ||
| 942 |
_cBK _2lcc _kFOR |
||
| 999 |
_c20173 _d20173 |
||